Elaboración de una pizarra digital interactiva portátil de bajo costo y su posible inserción dentro de las aulas de clases de la facultad de electrotecnia y computación de la UNI.
El trabajo se basa en ofrecer una tecnología de fácil adquisición y de menor complejidad en cuanto a su uso y funcionamiento como es una pizarra digital interactiva portátil y de bajo costo utilizando como componente principal el mando de la consola Wii, conocido como wiimate.
| Main Author: | |
|---|---|
| Other Authors: | |
| Format: | Tesis Section = Libro |
| Language: | Undetermined Spanish |
| Published: |
Managua
UNI
2013
|
| Subjects: |
| LEADER | 01188nam a2200241Ia 4500 | ||
|---|---|---|---|
| 008 | 240830s9999 xx 000 0 und d | ||
| 040 | |a BIBLIOTECA-RUSB/ Mon 371.335 R173 | ||
| 041 | |a spa | ||
| 082 | |a Mon 371.335 R173 | ||
| 100 | 1 | |a Ramirez Centeno, Frederick Osmar | |
| 245 | 1 | 0 | |a Elaboración de una pizarra digital interactiva portátil de bajo costo y su posible inserción dentro de las aulas de clases de la facultad de electrotecnia y computación de la UNI. |
| 260 | |a Managua |b UNI |c 2013 | ||
| 300 | |a 85 p. :il. | ||
| 500 | |a Contiene: anexos e Incluye: CD. | ||
| 502 | |a Tesis (Ingeniero Electrónico) - UNI, 2013. | ||
| 520 | 3 | |a El trabajo se basa en ofrecer una tecnología de fácil adquisición y de menor complejidad en cuanto a su uso y funcionamiento como es una pizarra digital interactiva portátil y de bajo costo utilizando como componente principal el mando de la consola Wii, conocido como wiimate. | |
| 650 | 7 | |a TECNOLOGIA EDUCATIVA MATERIALES AUDIOVISUALES | |
| 650 | 7 | |b PIZARRA DIGITAL - EDUCATIVA | |
| 650 | 7 | |c MÉTODOS DE ENSEÑANZA | |
| 700 | 1 | |a Tutor: |b Guillén Navarrete, Héctor Reynaldo | |
| 942 | |c BK |2 ddc | ||
| 991 | |a TESIS | ||
| 999 | |c 19943 | ||